| 000 | 00598nam a2200193 a 4500 | ||
|---|---|---|---|
| 001 | 1949 | ||
| 003 | CDMR | ||
| 005 | 20130116135217.0 | ||
| 008 | 130130s1968||||||||||||||||||||||||||||d | ||
| 040 |
_aCDMR _bcat _cCDMR |
||
| 100 | 1 |
_aSempere, Pedro _91453 |
|
| 245 | 1 | 3 |
_aLa comunicación audiovisual _cPedro J. Sempere |
| 260 |
_c1968 _bInstituto Nacional de Publicidad |
||
| 300 |
_a254 p ; _c21 cm |
||
| 490 | 0 |
_aCuadernos monográficos del Instituto Nacional de Publicidad. Serie Primeros Premios _v1 _91454 |
|
| 500 | _aExemplar fotocopiat | ||
| 650 | 0 | 4 |
_aPublicitat audiovisual _91455 |
| 942 | _cMON | ||
| 999 |
_c1949 _d1949 |
||